Bezpečnosť produktov na úrovni Európskej únie

Legislatívne nástroje EÚ zabezpečujúce právo na bezpečnosť produktov. Základné a sektorové smernice bezpečnosti produktov. Informačné bezpečnostné systémy členských krajín EÚ. Systém RAPEX o nebezpečných nepotravinárskych výrobkoch. Systém RAPEX-EHLASS rýchly výstražný systém - odber údajov o nehodá...

Full description

Saved in:
Bibliographic Details
Main Author: Korčoková, Marína, 1970-
Format: Book Chapter
Language:Slovak
Subjects:
Tags: Add Tag
No Tags, Be the first to tag this record!

MARC

LEADER 00000naa$a2200000$$$4500
001 0081068
005 20240522075613.1
041 0 |a slo 
044 |a SK 
245 1 0 |a Bezpečnosť produktov na úrovni Európskej únie  |c Marína Korčoková 
520 |a Legislatívne nástroje EÚ zabezpečujúce právo na bezpečnosť produktov. Základné a sektorové smernice bezpečnosti produktov. Informačné bezpečnostné systémy členských krajín EÚ. Systém RAPEX o nebezpečných nepotravinárskych výrobkoch. Systém RAPEX-EHLASS rýchly výstražný systém - odber údajov o nehodách v domácnosti a vo voľnom čase. Systém REACH - registrácia, hodnotenie a autorizácia chemikálií. Systém RASFF - rýchly výstražný systém pre potraviny a krmivá. 
610 2 0 |a bezpečnosť výrobkov 
610 2 0 |a potraviny 
610 2 0 |a krmoviny 
610 2 0 |a ochrana spotrebiteľa 
610 2 0 |a ochrana zdravia 
610 2 0 |a systémy informačné 
610 2 0 |a legislatíva 
610 2 0 |a smernice 
610 2 0 |a Európska únia 
100 1 |a Korčoková, Marína, 1970-